| 000 | 00000nas 2200000za 4500 |
| 001 | 9.862419 |
| 003 | CaOODSP |
| 005 | 20221107161018 |
| 007 | cr ||||||||||| |
| 008 | 180926d19501956oncar p oss f000#a0eng|d |
| 022 | |y0825-4133 |
| 040 | |aCaOODSP|beng |
| 043 | |an-cn--- |
| 086 | 1 |aCS63-207E-PDF |
| 130 | 0 |aMotion picture theatres, exhibitors and distributors (1950) |
| 245 | 00|aMotion picture theatres, exhibitors and distributors |h[electronic resource] / |cprepared in the Merchandising and Services Section, Industry and Merchandising Division, Dominion Bureau of Statistics. |
| 260 | |aOttawa : |bDominion Bureau of Statistics, |c[1951]-1958. |
| 310 | |aAnnual |
| 362 | 0 |a1950-1956. |
| 500 | |aDigitized edition from print [produced by Statistics Canada]. |
| 515 | |aIssues for 1950-1951 called also v. 4, pt. 3-R-1; 1952-1956 called also v. 3, pt. 3-R-1. |
| 550 | |aIssued 1956 by Wholesale Trade and Services Section. |
| 580 | |aContinues: Theatres. |
| 580 | |aContinued by: Motion picture theatres and film distributors. |
| 692 | 07|2gccst|aFilm industry |
| 710 | 1 |aCanada. |bDominion Bureau of Statistics. |bIndustry and Merchandising Division. |
| 710 | 1 |aCanada. |bDominion Bureau of Statistics. |bMerchandising and Services Section. |
| 710 | 1 |aCanada.|bDominion Bureau of Statistics.|bWholesale Trade and Services Section. |
| 780 | 00|tTheatres |w(CaOODSP)9.862440 |
| 785 | 00|tMotion picture theatres and film distributors |w(CaOODSP)9.862416 |